000 01103cam a22003133a 4500
999 _c523598
_d523598
001 16960592
003 NUST
005 20190515073702.0
008 110914s1998 nyu 000 1 eng d
010 _a 99480221
020 _a9780590331234 (pbk.)
020 _a059033123X (pbk.)
035 _a(OCoLC)ocm38531222
038 _awaseem
040 _aOKM
_cOKM
_dOCL
_dSLC
_dOCL
_dOCLCQ
_dUKM
_dOCLCQ
_dBAKER
_dBTCTA
_dNZLPP
_dXFG
_dTXSCH
_dDLC
042 _alccopycat
050 0 0 _aCPB Box no. 1381 vol. 10
082 _a823
_bHOH
100 1 _aHoh, Diane.
_914300
245 1 0 _aTitanic :
_bthe long night /
_cDiane Hoh.
260 _aN.Y. :
_bScholastic,
_c1998.
300 _a373 p. ;
_c17 cm.
520 _aDuring the final hours aboard the Titanic on her ill-fated voyage in 1912, the helpless passengers find out who will survive the long night.
655 7 _aMovie novels.
_2gsafd
_914301
710 2 _aCopyright Paperback Collection (Library of Congress)
_5DLC
_91743
906 _a7
_bcbc
_ccopycat
_d2
_encip
_f20
_gy-genrareb
942 _2ddc
_cBK